000 00409cam a22001337a 4500
008 180718b1996 xxu||||| |||| 00| 0 eng d
082 _aA81x54 91/12/PT4B/2
100 _aCensus of India 1991
245 _aKerala: religion
260 _aNew Delhi
_bThe Controller of Publications
_c1996
300 _a100p.
440 _aCensus of India 1991. Series-12, Kerala. Part IV B (ii)
500 _aContents: Table C-9
999 _c481767
_d481767